header

Precalculus with Limits (Record no. 251683)

MARC details
000 -LEADER
fixed length control field 00304nam a22001097a 4500
008 - FIXED-LENGTH DATA ELEMENTS--GENERAL INFORMATION
fixed length control field 151202b xxu||||| |||| 00| 0 eng d
020 ## - INTERNATIONAL STANDARD BOOK NUMBER
International Standard Book Number 0618052917
100 ## - MAIN ENTRY--PERSONAL NAME
Personal name Ron Larson Robert P.Hostetler Bruce H.Edwards
245 ## - TITLE STATEMENT
Title Precalculus with Limits
Remainder of title A Graphing Approach
250 ## - EDITION STATEMENT
Edition statement 3RD ED
260 ## - PUBLICATION, DISTRIBUTION, ETC. (IMPRINT)
Date of publication, distribution, etc 2001
Holdings
Withdrawn status Lost status Source of classification or shelving scheme Damaged status Not for loan Location (home branch) Sublocation or collection (holding branch) Shelving location Date acquired Koha issues (times borrowed) Koha date last seen Price effective from Koha item type
    Library of Congress Classification     Rongo University Library Rongo University Library General Stacks 02/12/2015   02/12/2015 02/12/2015 Long Loan Books

© 2026 Rongo University
Contact us: librarian | system librarian | Rongo university